Statistics for DC Comics

Click here to take the quiz!

General Stats

  • This quiz has been taken 270 times
  • The average score is 27 of 49

Answer Stats

HintAnswer% Correct
Bruce WayneBatman
99%
Kal-ElSuperman
98%
Princess DianaWonder Woman
95%
Barry AllenFlash
94%
Damian WayneRobin
94%
Hal JordanGreen Lantern
92%
John StewartGreen Lantern
92%
Victor StoneCyborg
90%
Dick GraysonNightwing
89%
Jason ToddRed Hood
79%
Kara Zor-ElSupergirl
78%
Wally WestKid Flash
77%
Oliver QueenGreen Arrow
76%
Ray PalmerAtom
73%
Billy BatsonShazam
72%
Zatanna ZataraZatanna
70%
John KentSuperboy
69%
Conner KentSuperboy
69%
Carter HolHawkman
67%
Shiera HolHawkgirl
66%
Kate KaneBatwoman
65%
Tim DrakeRed Robin
64%
Dinah LanceBlack Canary
63%
Koriand'rStarfire
61%
Gar LoganBeast Boy
59%
Barbara GordonOracle
58%
Roy HarperRed Arrow
55%
OrinAquaman
52%
Rachel RothRaven
50%
Helena BertinelliHuntress
44%
Roy Harper Jr.Arsenal
42%
Artemis CrockArtemis
41%
Ronnie RaymondFirestorm
41%
Henry IronsSteel
41%
Kalder-umAqualad
39%
Terra MarkovTerra
34%
Megan MorseMiss Martian
33%
Stephanie BrownSpoiler
27%
Eel O'BrianPlastic Man
25%
John SmithRed Tornado
25%
La'gaanLagoon Boy
22%
Michael CarterBooster Gold
21%
Nate AdamsCaptain Atom
19%
Karen BeecherBumblebee
15%
Mal DuncanGuardian
10%
Raquel IrvinRocket
8%
Betty KaneFlamebird
5%
Giovanni ZataraGiovanni Zatara
5%
Jaime ReyesBlue Beetle III
3%

Score Distribution

Percentile by Number Answered

Percent of People with Each Score

Your Score History

You have not taken this quiz